书目信息 |
| 题名: |
家具里的中国
|
|
| 作者: | 央视风云 编著 | |
| 分册: | ||
| 出版信息: | 北京 中国青年出版社 2015.2 |
|
| 页数: | 157页 | |
| 开本: | 23cm | |
| 丛书名: | 最美中国系列丛书 | |
| 单 册: | ||
| 中图分类: | TS666.202 | |
| 科图分类: | ||
| 主题词: | 家具--jia ju--历史--中国 , 历史--li shi , 中国--zhong guo | |
| 电子资源: | ||
| ISBN: | 978-7-5153-3033-4 | |
| 000 | 01087nam0 22002891 450 | |
| 001 | 0122100836 | |
| 005 | 20170322105545.42 | |
| 010 | @a978-7-5153-3033-4@dCNY36.00 | |
| 100 | @a20150313d2015 em y0chiy50 ea | |
| 101 | 0 | @achi |
| 102 | @aCN@b110000 | |
| 105 | @aa z 000yy | |
| 106 | @ar | |
| 200 | 1 | @a家具里的中国@9jia ju li de zhong guo@f央视风云编著 |
| 210 | @a北京@c中国青年出版社@d2015.2 | |
| 215 | @a157页@c图@d23cm | |
| 225 | 2 | @a最美中国系列丛书@9zui mei zhong guo xi lie cong shu |
| 300 | @a中央电视台首部家具文化纪录片 | |
| 330 | @a家具是人们生活的必需品,它承载着久远的历史,蕴含着丰富的文化,反映着时代的变化。本书通过梳理中国家具的发展历史,追溯木雕渊源,来推广中国文化;通过聚焦家具的历史沿革、前世今生,探寻中国家具在历史风云中波澜不惊的变迁,弘扬传统文化的创造力和影响力。 | |
| 461 | 0 | @1461 0@a最美中国系列丛书 |
| 606 | 0 | @a家具@9jia ju@x历史@y中国 |
| 606 | 0 | @a历史@9li shi |
| 606 | 0 | @a中国@9zhong guo |
| 690 | @aTS666.202@v5 | |
| 701 | 0 | @a央视风云@9yang shi feng yun@4编著 |
| 801 | 0 | @aCN@bTANGWEI@c20170308 |
| 905 | @b0960146-9@dTS666.202@e52@f4 | |
| 家具里的中国/央视风云编著.-北京:中国青年出版社,2015.2 |
| 157页:图;23cm.-(最美中国系列丛书) |
| 中央电视台首部家具文化纪录片 |
| ISBN 978-7-5153-3033-4:CNY36.00 |
| 家具是人们生活的必需品,它承载着久远的历史,蕴含着丰富的文化,反映着时代的变化。本书通过梳理中国家具的发展历史,追溯木雕渊源,来推广中国文化;通过聚焦家具的历史沿革、前世今生,探寻中国家具在历史风云中波澜不惊的变迁,弘扬传统文化的创造力和影响力。 |
| ● |
| 相关链接 |
|
|
|
|
正题名:家具里的中国
索取号:TS666.202/52
 
预约/预借
| 序号 | 登录号 | 条形码 | 馆藏地/架位号 | 状态 | 备注 |
| 1 | 0960146 | 209601466 | 第二样本阅览室/ [索取号:TS666.202/52] | 在馆 | |
| 2 | 0960147 | 209601475 | 第三借阅区/ [索取号:TS666.202/52] | 在馆 | |
| 3 | 0960148 | 209601484 | 第三借阅区/ [索取号:TS666.202/52] | 在馆 | |
| 4 | 0960149 | 209601493 | 第三借阅区/ [索取号:TS666.202/52] | 在馆 |